États et Territoires de la Confédération sur une Carte - Statistiques

Statistiques générales
  • Ce quiz a été pris 33 fois
  • Le résultat moyen est 14 sur 16
Réponses sur la Carte
Les réponses sont colorées sur une échelle allant du rouge au vert en fonction du pourcentage des utilisateurs qui les ont devinées à leur premier essai. Vous pouvez retrouver ces pourcentages ci-dessous.
 
Statistiques - réponses
Réponse % Correct
Floride
100%
Texas
100%
Virginie
100%
Alabama
96%
Géorgie
96%
Mississippi
96%
Caroline du Nord
92%
Caroline du Sud
92%
Kentucky
92%
Louisiane
92%
Missouri
88%
Tennessee
88%
Arizona
85%
Arkansas
85%
Nouveau-Mexique
73%
Territoire indien
50%
Aucun quiz correspondant
Distribution des résultats
% des personnes avec chaque résultat
Percentile par nombre de réponses
Votre historique - résultats
Vous n’avez pas pris ce quiz